00670nam a2200241 a 4500001001300000003000900013005001700022008004100039020002600080082001700106100001700123245002400140260003400164300000900198500003500207505001000242650001100252700001700263902000800280942000700288952011800295999001500413nice12345678IN_TiNIC20260116013058.0050524s1991 newa grp 000 0 eng  a0452705 c326.2500a299.514bMAN aMan Ho, Kwok aImmortals of Taoism aNew YorkbPenguin Booksc1991 a156p aincludes index and biblioraphy2 aIndex aTaoist1 aMan Ho, Kwok bSRS cBK 001040708StackRoom-aHMIbHMId2007-07-02g326.25l0o299.514 MANp016036r2007-07-02v326.25w2005-05-24yBK c9559d9559